Statistiques concernant Pays qui battent la Belgique

Cliquez ici pour prendre le quiz!

Statistiques générales

  • Ce quiz a été pris 1 754 fois
  • Le résultat moyen est 13 sur 20

Statistiques - réponses

RangsCatégoriesPays% Correct
2Plus grande superficie des BeneluxPays Bas
93%
9Le plus visité par les Présidents AméricainsFrance | Royaume-Uni | Canada | Mexique | Allemagne | Italie | Japon | Vatican
92%
6Le plus deviné au quiz Pays d'EuropeFrance | Espagne | Italie | Allemagne | Portugal
88%
3Plus grande frontière avec la FranceBrésil | Espagne
86%
3Le plus deviné au quiz Drapeaux de l'Europe avec trois bandesFrance | Italie
84%
8Le plus de francophonesFrance | R.D. Congo | Côte d'Ivoire | Canada | Maroc | Cameroun | Tunisie
84%
3Le plus plus proche du Royaume-UniIrlande | France
83%
5Exportations vers la France les plus importantesAllemagne | Etats-Unis | Chine | Italie
80%
3Avec la série de bandes-dessinées la plus vendueJapon | France
79%
4Importations depuis la France les plus importantesAllemagne | Chine | Italie
78%
3Qui visite le plus la FranceAllemagne | Royaume-Uni
77%
2Plus petit état de l'Union Européenne à sa fondationLuxembourg
70%
3Avec l'entreprise la mieux classée dans l'agro-alimentaireSuisse | Etats-Unis
62%
2Le plus occidental d'Europe sans côte AtlantiqueAndorre
57%
8Le plus de langues officiellesBolivie | Zimbabwe | Afrique du Sud | Singapour | Papouasie-Nouvelle-Guinée | Rwanda | Suisse
56%
5Le plus proche du méridien de Greenwich sans le toucherNiger | Bénin | Maroc | Andorre
47%
2Plus importante consommation de chocolat par habitantAllemagne
45%
4Drapeau avec le plus de noirLibye | Papouasie-Nouvelle-Guinée | Angola
32%
3Réseau routier le plus denseMonaco | Malte
19%
3Le plus d'exportations par habitantLiechtenstein | Singapour
13%

Distribution des résultats

Percentile par nombre de réponses

% des personnes avec chaque résultat

Votre développement - résultats

Vous n’avez pas pris ce quiz